Ranking dos Estados Brasileiros por população negra - Statistics

Estatísticas Gerais
  • Esse quiz foi jogado 225 vezes
  • A pontuação média é 14 de 27
Estatísticas das Respostas
# Estados População negra % Correto
1 Bahia 17,0%
99%
2 Rio de Janeiro 12,1%
94%
3 Maranhão 9,6%
73%
27 Santa Catarina 2,9%
69%
26 Paraná 3,1%
65%
4 Piauí 9,3%
65%
5 Minas Gerais 9,2%
63%
7 Sergipe 8,9%
55%
6 Tocantins 9,1%
51%
8 Amapá 8,4%
48%
12 Pará 7,0%
48%
25 Amazonas 4,1%
44%
20 Rio Grande do Sul 5,5%
44%
21 São Paulo 5,4%
44%
9 Espírito Santo 8,3%
43%
18 Acre 5,7%
42%
24 Ceará 4,6%
41%
10 Distrito Federal 7,6%
40%
15 Goiás 6,5%
40%
19 Paraíba 5,6%
40%
16 Pernambuco 6,4%
40%
14 Alagoas 6,6%
39%
11 Mato Grosso 7,4%
39%
23 Mato Grosso do Sul 4,9%
37%
13 Rondônia 6,8%
37%
17 Roraima 6,05%
37%
22 Rio Grande do Norte 5,2%
35%
Nenhum quiz correspondente encontrado
Distribuição das Pontuações
Porcentagem de Pessoas com Cada Pontuação
Percentil de Números Respondidos
Sua Pontuação Histórica
Você não jogou esse quiz